000 00985cam a2200217 4500
001 ABS66496
008 030326n2003 000 0 eng u
035 _a(Sirsi) u121754
100 _aHeller, A.
245 _aBlue skies: a checklist for the socially responsible housebuilder
260 _c2003
490 _aHouse Builder
_v62(2) March 2003, 20-23(4)
520 _aPuts forward the case why housebuilders should engage with the Corporate Social Responsibility (CSR) agenda as they face increasing government control over land and growing competition with registered social landlords (RSLs). Provides a wide-ranging CSR checklist for housebuilders to measure their corporate performance against. Gives sources of advice on CSR.
590 _aABS
650 _aCORPORATE SOCIAL RESPONSIBILITY AGENDA
650 _aREGISTERED SOCIAL LANDLORDS
650 _aHOUSE BUILDERS
650 _aGREEN BUILDING
690 _aBUILT ENVIRONMENT-SUSTAINABLE CONSTRUCTION
942 _n0
999 _c72362
_d72362